000 00822nam1a22002171i 4500
001 rc\247589
005 20240723215222.0
035 _a(NLR Aleph) 005627766
090 _a6548573
_c6548573
100 _a20030307d1990 u |0rusy50 ca
101 0 _arus
102 _aRU
105 _ay |||||||||
200 1 _aОптимизационные модели отраслевого и народнохозяйственного уровней планирования
_eУчеб. пособие
_fГос. ком. СССР по нар. образованию. Моск. экон.-стат. ин-т
210 _aМ.
_cМЭСИ
_d1990
215 _d20
700 1 _aМедницкий
_bВ.Г.
_gВладимир Георгиевич
801 0 _aRU
_bNLR
_gpsbo
801 1 _aRU
_bELAR
_2rusmarc
852 _aNLR
_j89-4/9195
942 _cBOOK